Most Wins on WWE Raw - Statistics

General Stats
  • This quiz has been taken 25 times
  • The average score is 14 of 20
Answer Stats
Rank Wins Answer % Correct
1 403 John Cena
100%
2 296 Randy Orton
100%
9 190 Big Show
88%
3 220 Kane
88%
12 162 Roman Reigns
88%
7 210 Seth Rollins
88%
16 149 Shawn Michaels
88%
6 215 Triple H
88%
14 155 The Miz
82%
17 148 Edge
76%
11 163 Jeff Hardy
76%
15 151 Dolph Ziggler
71%
4 219 Kofi Kingston
71%
8 205 Sheamus
71%
5 216 Chris Jericho
65%
13 157 Cody Rhodes
47%
10 168 R-Truth
35%
20 131 Billy Gunn
24%
18 136 Shelton Benjamin
18%
19 134 Sean Morley
6%
No matching quizzes found
Score Distribution
Percent of People with Each Score
Percentile by Number Answered
Your Score History
You have not taken this quiz